000 00693cab a2200217 4500
001 ABS57716
008 090401t1997 xxu||||| |||| 00| 0 eng d
035 _a(Sirsi) u81400
041 _aeng
245 2 _aA guide to temporary offices: part one: the south
260 _c1997
350 _a0
490 _aFlexible Working
_v2(6) September 1997, 11-14(4)
520 _aThe first in a series examining serviced offices. Part one looks at availability south of the M25-M4 corridor. Table compares facilities.
650 _aSERVICED OFFICES
650 _aSOUTHERN ENGLAND
650 _aTEMPORARY OFFICES
690 _aPROPERTY-COMMERCIAL PROPERTY
942 _n0
948 _c13/10/1997
999 _c51280
_d51280